| 000 | 02280 a2200277 4500 | ||
|---|---|---|---|
| 001 | 21679 | ||
| 005 | 20260407155507.0 | ||
| 008 | 260407a2001 arg spa d | ||
| 003 | AR-UNSa-BCEJYS | ||
| 040 |
_aAR-UNSa-BCEJYS _bspa _cAR-UNSa-BCEJYS |
||
| 080 |
_a658.8 _xOrganización de mercados. Marketing. Ventas. Distribución |
||
| 245 | 1 | 0 |
_aMarketing _pconceptos y estrategias |
| 020 | _a978-84-368-1469-9 | ||
| 264 | 1 |
_aMadrid : _bEdiciones Pirámide _c2001 |
|
| 300 |
_a1091 p. _c24 cm. |
||
| 505 | _a1º Parte : Fundamentos: 1. Introducción y conceptos básicos - 2. La dirección comercial - 2º Parte: Análisis comercial 3. El mercado y el entorno - 4. La demanda - 5. Segmentación del mercado - 6. Comportamiento del consumidor - 7. Comportamiento de las compra de las organizaciones - 8. El sistema de información y la investigación comercial - 3º Parte: Estrategia de marketing : 9. Decisiones sobre el producto (I): Concepto de producto y marca - 10. Decisiones sobre el producto(II): desarrollo y evolución del producto - 11. Decisiones sobre el precio - 12. Decisiones sobre distribución (I).El sistema de distribución - 13. Decisiones sobre distribución (II): Formas y estructuras de distribución - 14. Decisiones sobre distribución(III) : Logística de la distribución - 15. Decisiones sobre promoción/ comunicación (I): Venta personal y marketing directo - 16. Decisiones sobre promoción/comunicación(II): Publicidad, relaciones públicas -y promoción de ventas - 17. El programa comercial: planificación, organización y control de la estrategia de marketing - 4ª Parte: Marketing especial - 18. Marketing industrial(marketing de empresa a empresa) - 19. Marketing de servicios - 20. Marketing internacional - 21. Marketing no empresarial - 5º Parte: Marketing y sociedad : 22. Macromarketing: marketing y sociedad. | ||
| 041 | _aspa | ||
| 942 | _cBK | ||
| 590 | _aniveau_biblio:m niveau_hierar:0 | ||
| 100 | 1 | _aSantesmases Mestre, Miguel | |
| 700 | 1 | _aSánchez de Dusso, Francisca | |
| 700 | 1 | _aSánchez Rossi, María Rosa | |
| 700 | 1 | _aKosiak de Gesualdo, Graciela | |
| 700 | 1 | _aAlesandria, Horacio | |
| 856 | 4 | 1 |
_uhttps://biblioeco.unsa.edu.ar/pmb/images/libros/Marketin Conceptos y Estrategias.jpg _yImagen de portada _qimage/jpeg |
| 999 |
_c845 _d845 |
||